Т. 7, № 6; Journal of Vacuum Science and Technology

Dettagli Bibliografici
Parent link:Journal of Vacuum Science and Technology: журнал. Т. 7, № 6.— , 1969-1974
Lingua:russo
Pubblicazione: 1970
Natura: MixedMaterials Libro
KOHA link:https://koha.lib.tpu.ru/cgi-bin/koha/opac-detail.pl?biblionumber=550212

MARC

LEADER 00000nam2a2200000 4500
001 550212
005 20231101120657.0
035 |a (RuTPU)RU\TPU\prd\243586 
035 |a RU\TPU\prd\243585 
090 |a 550212 
100 |a 20151020a19709999k y0engy50 ba 
101 1 |a rus  |c eng 
102 |a US 
200 0 |a Т. 7, № 6 
210 |d 1970 
461 1 |0 (RuTPU)RU\TPU\prd\1160  |t Journal of Vacuum Science and Technology  |o журнал  |v Т. 7, № 6  |d 1969-1974 
801 0 |a RU  |b 63413507  |c 20010227  |g PSBO 
801 1 |a RU  |b 63413507  |c 20020228  |g PSBO 
801 2 |a RU  |b 63413507  |c 20151026  |g PSBO 
942 |c BK 
999 |a НТБ_ТПУ  |b НФ  |e -19/20150916  |p П-4763  |u 0,00  |v 1